• 首页
  • 本馆介绍
  • 公告通知
  • 最新文献
  • 馆藏检索
  • 电子资源
  • 读者导购
  • 参考咨询
  • 我的图书馆
  • 登录
  • 详细信息显示
  • 放入我的书架
  • 预约/预借图书
  • 作者相关作品
  • 分类相关作品
  • 丛书相关作品
  • 出版社相关作品

书目信息

  • 表格格式
  • 工作单格式
  • 卡片格式
题名:
流体力学泵与风机
    
 
作者: 蔡增基 , 龙天渝 主编
分册:  
出版信息: 北京   中国建筑工业出版社  2009.11
页数: 395页
开本: 26cm
丛书名: 高等学校建筑环境与设备工程专业规划教材
单 册:
中图分类: O35 , TH3
科图分类:
主题词: 流体力学--liu ti li xue--高等学校--教材 , 泵--beng--高等学校--教材 , 鼓风机--gu feng ji--高等学校--教材
电子资源:
ISBN: 978-7-112-11121-3
000 01194nam 2200313 450
001 0106081739
005 20201109081508.89
010    @a978-7-112-11121-3@dCNY39.00
100    @a20091128e20192009ekmy0chiy0120 ea
101 0  @achi
102    @aCN@b110000
105    @aak z 000yy
106    @ar
200 1  @a流体力学泵与风机@Aliu ti li xue beng yu feng ji@f蔡增基, 龙天渝主编
205    @a5版
210    @a北京@c中国建筑工业出版社@d2009.11@h2019.06
215    @a395页@c图@d26cm
225 2  @a高等学校建筑环境与设备工程专业规划教材@Agao deng xue xiao jian zhu huan jing yu she bei gong cheng zhuan ye gui hua jiao cai
330    @a本书介绍流体静力学,一元流体动力学,不可压缩流体动力学,绕流运动,孔口和管路计算的基本理论,气体射流,相似性原理和因次分析以及常用泵与风机的原理和和特性.
461  0 @12001 @a高等学校建筑环境与设备工程专业规划教材
606 0  @a流体力学@Aliu ti li xue@x高等学校@j教材
606 0  @a泵@Abeng@x高等学校@j教材
606 0  @a鼓风机@Agu feng ji@x高等学校@j教材
690    @aO35@v5
690    @aTH3@v5
701  0 @a蔡增基@Acai zeng ji@4主编
701  0 @a龙天渝@Along tian yu@4主编
801  0 @aCN@bBJSZM@c20201106
905    @b1190464-7@dO35@e77=5@f4
    
    流体力学泵与风机/蔡增基, 龙天渝主编.-5版.-北京:中国建筑工业出版社,2009.11(2019.06)
    395页:图;26cm.-(高等学校建筑环境与设备工程专业规划教材)
    
    
    ISBN 978-7-112-11121-3:CNY39.00
    本书介绍流体静力学,一元流体动力学,不可压缩流体动力学,绕流运动,孔口和管路计算的基本理论,气体射流,相似性原理和因次分析以及常用泵与风机的原理和和特性.
●
相关链接 在E读中查询图书 在五车中查询图书 在当当中查询图书 在豆瓣中查询图书


正题名:流体力学泵与风机     索取号:O35/77=5         预约/预借

序号 登录号 条形码 馆藏地/架位号 状态 备注
1 1190464   211904643   第二样本阅览室/ [索取号:O35/77=5] 在馆    
2 1190465   211904652   第三借阅区/ [索取号:O35/77=5] 在馆    
3 1190466   211904661   第三借阅区/ [索取号:O35/77=5] 在馆    
4 1190467   211904670   第三借阅区/ [索取号:O35/77=5] 在馆    
唐山师范学院图书馆 欢迎您!
大连网信软件有限公司© 版权所有